Antonio Cornejo Polar y los avatares de la cultura latinoamericana /
में बचाया:
| मुख्य लेखक: | |
|---|---|
| स्वरूप: | अज्ञात |
| भाषा: | Spanish |
| प्रकाशित: |
Lima :
Fondo Editorial, Universidad Nacional de San Marcos,
2004.
|
| श्रृंखला: | (Serie Humanidades)
|
| विषय: | |
| टैग: |
टैग जोड़ें
कोई टैग नहीं, इस रिकॉर्ड को टैग करने वाले पहले व्यक्ति बनें!
|
MARC
| LEADER | 000000000a22000000004500 | ||
|---|---|---|---|
| 001 | 010050 | ||
| 020 | |a 99246259 | ||
| 041 | 0 | |a spa | |
| 082 | 0 | 4 | |a 860.998 |b B928a |
| 100 | 1 | |a Bueno Chaves, Raúl, |d 1944- | |
| 245 | 1 | 0 | |a Antonio Cornejo Polar y los avatares de la cultura latinoamericana / |c Raúl Bueno Chaves. |
| 260 | 1 | |a Lima : |b Fondo Editorial, Universidad Nacional de San Marcos, |c 2004. | |
| 300 | |a 173 páginas ; |c 23 cm. | ||
| 490 | 1 | |a (Serie Humanidades) | |
| 650 | 4 | |a CORNEJO POLAR, ANTONIO | |
| 650 | 4 | |a LITERATURA HISPANOAMERICANA | |
| 650 | 4 | |a HISTORIA Y CRITICA | |
| 650 | 4 | |a HISTORIA | |
| 650 | 4 | |a AMERICA LATINA | |
| 650 | 4 | |a VIDA INTELECTUAL | |
| 650 | 4 | |a SIGLO XX | |
| 999 | |c 15985 |d 15985 | ||
| 942 | |c BK |h 860.998 B928a |2 z | ||
